| 000 | 00836nam a2200241Ia 4500 | ||
|---|---|---|---|
| 003 | GCL | ||
| 008 | 140319s9999 xx 000 0 ara d | ||
| 040 |
_aGCL / _cGCL |
||
| 082 | 0 | 4 |
_aق _b962.031 _bل ح |
| 100 | 1 | _aلطيفة محمد سالم | |
| 245 | 1 | 0 |
_aالحكم المصرى فى الشام(1831 - 1841) / _cلطيفة محمد سالم |
| 260 |
_aالقاهرة : _bمكتبة مدبولى ، _c1990 |
||
| 300 |
_a332 ص ؛ _c24 سم |
||
| 490 |
_aصفحات من تاريخ مصر _v14 |
||
| 650 | 0 | 4 | _aمصر |
| 650 | 0 | 4 | _aالاحوال السياسية |
| 650 | 0 | 4 | _aالجيش المصرى |
| 650 | 0 | 4 | _aبلاد الشام |
| 650 | 0 | 4 | _aنظم الحكم |
| 650 | 0 | 4 | _aمصر - تاريخ - العصر الحديث - عصر محمد على ( 1805- 1849 م ) |
| 650 | 0 | 4 | _aالفتوحات |
| 942 |
_2ddc _cBK |
||
| 999 |
_c52980 _d52980 |
||